Determinación de la potencia disponible en transformadores de potencia de acuerdo a la prueba de calentamiento
Na minha lista:
| Autor principal: | |
|---|---|
| Outros Autores: | |
| Formato: | Livro |
| Idioma: | Spanish |
| Publicado em: |
[San José], Costa Rica
2013
|
| Assuntos: | |
| Tags: |
Adicionar Tag
Sem tags, seja o primeiro a adicionar uma tag!
|
MARC
| LEADER | 00000nam a22000007a 4500 | ||
|---|---|---|---|
| 003 | 011926 | ||
| 005 | 20230816150728.0 | ||
| 008 | 150313b2013 cr a|||| |||| 00| 0 spa d | ||
| 040 | |c cru CEDI | ||
| 100 | |9 1087 |a Montiel Soto, Catherine Mercedes, 1991- | ||
| 245 | |a Determinación de la potencia disponible en transformadores de potencia de acuerdo a la prueba de calentamiento | ||
| 260 | |a [San José], Costa Rica |c 2013 | ||
| 500 | |a Proyecto de graduación (bachillerato en ingeniería eléctrica)--Universidad de Costa Rica. Facultad de Ingeniería. Escuela de Ingeniería Electrica | ||
| 501 | |a Profesor Guía de IE-0499 Proyecto Eléctrico: Dr. Gustavo Valverde Mora | ||
| 650 | |x TRANSMISION DE POTENCIA |x TRANSFORMADORES ELECTRICOS |x DISTRIBUCION DE ENERGIA ELECTRICA |x SUBESTACIONES ELECTRICAS |9 442 | ||
| 700 | |9 725 |a Valverde Mora, Gustavo Adolfo, 1983- |d Director de Proyecto Eléctrico | ||
| 942 | |c CEDI |h TFG 7092 |6 TFG_7092_000000000000000 | ||
| 999 | |c 13693 |d 13693 | ||
